ბათუმის შოთა რუსთაველის სახელმწიფო უნივერსიტეტის ბიბლიოთეკა

აგრობიოლოგიური მეცნიერება და მიწათმოქმედების კულტურა / (ბიბ.ჩანაწერი № 44435)

000 -ლიდერი
ფიქსირებული სიგრძის საკონტროლო ველი 01153nam a2200253Ia 4500
001 - საკონტროლო ნომერი
საკონტროლო ველი 11203
003 - საკონტროლო ნომრის იდენტიფიკატორი
საკონტროლო ველი GE_BSU
005 - ბოლო ოპერაციის თარიღი და დრო
საკონტროლო ველი 20260427150322.0
008 - ფიქსირებული სიგრძის მონაცემთა ელემენტები - ზოგადი ინფორმაცია
ფიქსირებული სიგრძის საკონტროლო ველი 181216s1961||||ge |||||||||||||| ||geo||
040 ## - კატალოგიზაციის წყარო
Transcribing agency GE_BSU
041 ## - ენის კოდი
Language code of text/sound track or separate title geo
080 ## - უნივერსალური ათობითი კლასიფიკაციის ინდექსი
Universal Decimal Classification number 63 ც-98
100 ## - მთავარი ჩანაწერი - პიროვნების სახელი
Personal name ცხომარია, დ.
9 (RLIN) 27382
245 ## - ცნობა სათაურის შესახებ
Title აგრობიოლოგიური მეცნიერება და მიწათმოქმედების კულტურა /
Statement of responsibility, etc დავით ცხომარია; რედ: ლ. ბერძენიშვილი.
264 ## - წარმოების, გამოცემის, დისტრიბუციის და სხვა ცნობები
გამოცემის, წარმოების, დისტრიბუციის... ადგილი თბ. :
გამოცემის, წარმოების, დისტრიბუციის... სახელწოდება საბჭ. საქართველო,
გამოცემის, წარმოების, დისტრიბუციის... თარიღი 1961.
300 ## - ფიზიკური აღწერა
Extent 232 გვ.;
Other physical details 23 სმ.
300 ## - ფიზიკური აღწერა
Accompanying material რეზიუმე რუსულ ენაზე გვ.220
504 ## - BIBLIOGRAPHY, ETC. NOTE
Bibliography, etc ბიბლიოგრ. შენიშვნებში.
520 ## - SUMMARY, ETC.
Summary, etc რეზ. რუს. ენ.
653 ## - INDEX TERM--UNCONTROLLED
Uncontrolled term მიწათმოქმედება
653 ## - INDEX TERM--UNCONTROLLED
Uncontrolled term აგრობიოლოგიური მეცნიერება
700 ## - ADDED ENTRY--PERSONAL NAME
Personal name ერძენიშვილი, ლ.
Relator term რედაქტორი
9 (RLIN) 27383
942 ## - ADDED ENTRY ELEMENTS (KOHA)
Koha item type წიგნი
Source of classification or shelving scheme
ეგზემპლარები
ჩამოწერის სტატუსი დაკარგული ეგზემპლარის სტატუსი კლასიფიკაციის წყარო ან თაროზე გაწყობის სქემა დაზიანების სტატუსი არ გაიცემა მუდმივი მდებარეობა (დაცვის ადგილი) ამჟამინდელი ადგილსამყოფელი თაროზე განთავსების ადგილი შეძენის თარიღი სრული შენახვის შიფრი შტრიხკოდი ბოლო ოპერაციის თარიღი ეგზემპლარის მიმდევრობითი ნომერი (კეტერი?) ფასის ძალაში შესვლის თარიღი ეგზემპლარის სახეობა
          აგრარული და მემბრანული ტექნოლოგიების ინსტიტუტის ბიბლიოთეკა აგრარული და მემბრანული ტექნოლოგიების ინსტიტუტის ბიბლიოთეკა წიგნსაცავი 2018-12-17 63 ც-98 19575 2018-12-17 19575 2018-12-17 წიგნი